Artists / Singers by their Songs #2 - Statistics

General Stats
  • This quiz has been taken 504 times
  • The average score is 7 of 10
Answer Stats
Hint Answer % Correct
Hot n Cold / Roar / Teenage Dream / Firework Katy Perry
96%
Hero / All I Want for Christmas Is You / Fantasy / We Belong Together Mariah Carey
92%
Love Story / We Are Never Ever Getting Back Together / Shake It Off / Look What You Made Me Do Taylor Swift
92%
Purple Rain / When Doves Cry / Batdance / Let's Go Crazy Prince
79%
Give Me Everything / Rain Over Me / Feel This Moment / Timber Pitbull
75%
Rockstar / Psycho / Better Now / Sunflower Post Malone
71%
Dream On / Dude (Looks Like a Lady) / I Don't Want to Miss a Thing / Walk This Way Aerosmith
67%
California Love / Changes / Ghetto Gospel / Hail Mary Tupac Shakur
54%
Lush Life / Never Forget You / Symphony / Ain't My Fault Zara Larsson
51%
You're the One That I Want / Physical / Xanadu / I Honestly Love You Olivia Newton-John
50%
No matching quizzes found
Score Distribution
Percent of People with Each Score
Percentile by Number Answered
Your Score History
You have not taken this quiz